Environmental engineering (Record no. 5357)

000 -LEADER
fixed length control field 00678nam a2200241 4500
001 - CONTROL NUMBER
control field 5357
003 - CONTROL NUMBER IDENTIFIER
control field BD-DhUET
008 - FIXED-LENGTH DATA ELEMENTS--GENERAL INFORMATION
fixed length control field 141126b xxu||||| |||| 00| 0 eng d
020 ## - INTERNATIONAL STANDARD BOOK NUMBER
International Standard Book Number 0071002316
040 ## - CATALOGING SOURCE
Transcribing agency 0
Modifying agency BD-DhUET
082 ## - DEWEY DECIMAL CLASSIFICATION NUMBER
Classification number 628
Item number PEA/1985
100 ## - MAIN ENTRY--PERSONAL NAME
Personal name Peavy, Howard S
245 ## - TITLE STATEMENT
Title Environmental engineering
250 ## - EDITION STATEMENT
Edition statement 1st ed.
260 ## - PUBLICATION, DISTRIBUTION, ETC. (IMPRINT)
Place of publication, distribution, etc. New york
Name of publisher, distributor, etc. McGraw-Hill
Date of publication, distribution, etc. 1985
300 ## - PHYSICAL DESCRIPTION
Extent xiv,699 p.+various paging
Other physical details ill.
490 ## - SERIES STATEMENT
Series statement McGraw-Hill series in water resources and environmental engineering
504 ## - BIBLIOGRAPHY, ETC. NOTE
Bibliography, etc Includes bibliographies
650 #0 - SUBJECT ADDED ENTRY--TOPICAL TERM
Topical term or geographic name as entry element Environmental engineering
700 ## - ADDED ENTRY--PERSONAL NAME
Personal name Rowe, Donald R.
700 ## - ADDED ENTRY--PERSONAL NAME
Personal name Tchobanoglous, George
942 ## - ADDED ENTRY ELEMENTS (KOHA)
Koha item type General Book
Holdings
Koha full call number Koha date last seen Koha issues (times borrowed) Sublocation or collection (holding branch) Lost status Withdrawn status Not for loan Price effective from Koha normalized classification for sorting Shelving location Location (home branch) Koha item type Damaged status Source of classification or shelving scheme Koha date last borrowed Date acquired Koha renewals Copy number Piece designation (barcode)
628/PEA/19852024-09-089Central Library, BUET   2014-11-26628PEA1985Circulation sectionCentral Library, BUETGeneral Book  2023-12-102014-11-26 181896
628/PEA/19852024-06-0210Central Library, BUET   2014-11-26628PEA1985Circulation sectionCentral Library, BUETGeneral Book  2024-03-162014-11-26 281895
628/PEA/19852015-06-18 Central Library, BUET   2015-06-18628_000000000000000_PEA_1985Reading sectionCentral Library, BUETReading Item   2015-06-18 388788
628/PEA/19852015-06-18 Central Library, BUET   2015-06-18628_000000000000000_PEA_1985Reading sectionCentral Library, BUETReading Item   2015-06-18 487579
628/PEA/19852021-11-132Central Library, BUET   2017-10-31628_000000000000000_PEA_1985Circulation sectionCentral Library, BUETGeneral Book  2020-03-161991-10-28 581894
628 PEA/19852024-12-01 Central Library, BUET   2024-12-01628_000000000000000_PEA_1985Rental sectionCentral Library, BUETRental Item   1991-10-28 ক-৫১81847
628 PEA/19852024-12-01 Central Library, BUET   2024-12-01628_000000000000000_PEA_1985Rental sectionCentral Library, BUETRental Item   1991-10-28 ক-৭৮81874
628 PEA/19852024-12-01 Central Library, BUET   2024-12-01628_000000000000000_PEA_1985Rental sectionCentral Library, BUETRental Item   1991-10-28 ক-৭৯81875
628 PEA/19852024-12-01 Central Library, BUET   2024-12-01628_000000000000000_PEA_1985Rental sectionCentral Library, BUETRental Item   1991-10-28 ক-৮০81876
628 PEA/19852024-12-01 Central Library, BUET   2024-12-01628_000000000000000_PEA_1985Rental sectionCentral Library, BUETRental Item   1991-10-28 ক-৮১81877
628 PEA/19852024-12-01 Central Library, BUET   2024-12-01628_000000000000000_PEA_1985Rental sectionCentral Library, BUETRental Item   1991-10-28 ক-৮২81878
628 PEA/19852024-12-01 Central Library, BUET   2024-12-01628_000000000000000_PEA_1985Rental sectionCentral Library, BUETRental Item   1991-10-28 ক-৮৩81879
628 PEA/19852024-12-01 Central Library, BUET   2024-12-01628_000000000000000_PEA_1985Rental sectionCentral Library, BUETRental Item   1991-10-28 ক-৮৪81880
628 PEA/19852024-12-01 Central Library, BUET   2024-12-01628_000000000000000_PEA_1985Rental sectionCentral Library, BUETRental Item   1991-10-28 ক-৮৫81881
628 PEA/19852024-12-01 Central Library, BUET   2024-12-01628_000000000000000_PEA_1985Rental sectionCentral Library, BUETRental Item   1991-10-28 ক-৮৬81882
628 PEA/19852024-12-01 Central Library, BUET   2024-12-01628_000000000000000_PEA_1985Rental sectionCentral Library, BUETRental Item   1991-10-28 ক-৮৭81883
628 PEA/19852024-12-01 Central Library, BUET   2024-12-01628_000000000000000_PEA_1985Rental sectionCentral Library, BUETRental Item   1991-10-28 ক-৮৭81884